000 01290cam a2200325 i 4500
001 40629
003 Mx-PuUPA
005 20220323122215.0
008 140415s2019 uk ad gr 001 0 eng d
020 _a9781789807356
040 _aMx-PuUPA
_bspa
_cMx-PuUPA
_dMx-PuUPA
_erda
041 0 _aeng
100 1 _aMalik, Upom,
_911530
_eautor
245 1 0 _aSQL for data analytics :
_bperform fast and efficient data analysis with the power of SQL /
_cUpom Malik, Matt Goldwasser, Benjamin Johnston
250 _aFirst published
264 1 _aBirmingham, UK :
_bPackt Publishing,
_c2019
300 _avii, 358 páginas, 6 páginas sin numerar :
_bilustraciones, diagramas ;
_c24 cm
336 _2rdacontent
_atexto
_btxt
337 _2rdamedia
_asin medio
_bn
338 _2rdacarrier
_avolumen
_bnc
650 7 _aSQL (Lenguajes de programación de computadoras)
_2armarc
650 7 _aProcesamiento de datos
_2armarc
700 1 _aGoldwasser, Mat,
_eautor
700 1 _aJohnston, Benjamin,
_eautor
942 _2ddc
_cLI
_h005.13
_iM236
999 _c40629
_d40629